000 00814nam a2200241 i 4500
001 12112
003 KOSZ 005
005 20190722100440.0
008 070715s1969 pl a f 000 0 pol
015 _aPB 1970/3317
040 _aWA N
_cKOSZ 005/RW
_dKOSZ 005/RW
080 _a621:658.58
100 1 _aPaszkowski, Bolesław.
_eAutor
245 1 0 _aMycie części maszyn /
_cBolesław Paszkowski.
260 _aWarszawa :
_bWydawnictwa Naukowo-Techniczne,
_c1969.
300 _a111, [4] s. :
_bil. ;
_c23 cm.
380 _aKsiążki.
504 _aBibliogr. s. [113].
650 4 _aMaszyny
_xkonserwacja.
710 2 _aWydawnictwa Naukowo-Techniczne
_4pbl.
856 _uhttp://koha.tu.koszalin.pl/cgi-bin/koha/opac-detail.pl?biblionumber=12112
_yKatalog online BPK
942 _2UKD
_cKS
999 _c12112
_d12112